[Event "SVK-ch Amateurs"]
[Site "Liptovsky Jan"]
[Date "2023.06.18"]
[Round "7"]
[White "Klimes, Milan"]
[Black "Ballo, Filip"]
[Result "1-0"]
[WhiteElo "1810"]
[BlackElo "1616"]
[PlyCount "69"]
[EventDate "2023.06.15"]
[EventType "swiss"]
[EventRounds "8"]
[EventCountry "SVK"]
[SourceTitle "CBM 214 Extra"]
[Source "ChessBase"]
[SourceDate "2023.07.31"]
[SourceVersion "1"]
[SourceVersionDate "2023.07.31"]
[SourceQuality "1"]

1. c4 g6 2. Nc3 Bg7 3. d4 d6 4. Nf3 Nf6 5. g3 0-0 6. Bg2 c5 7. 0-0 Nc6 8. d5 Nb8 9. e4 a6 10. h3 h6 11. Bf4 Ne8 12. Qd2 Kh7 13. Rae1 f6 14. Qc2 Nd7 15. Bd2 Ne5 16. b3 Nxf3+ 17. Bxf3 Bxh3 18. Bg2 Qd7 19. Na4 Bxg2 20. Kxg2 Qc7 21. Rh1 b5 22. Nb2 Qd7 23. Qc1 h5 24. Nd3 e5 25. dxe6 Qxe6 26. Nf4 Qd7 27. Qd1 Nc7 28. Nxg6 Kg8 29. Qxh5 Rfe8 30. Qh7+ Kf7 31. Nf4 Rg8 32. Qg6+ Ke7 33. Ba5 Ne8 34. Qh7 Kf7 35. Qh5+ 1-0

[Event "SVK-ch Amateurs"]
[Site "Liptovsky Jan"]
[Date "2023.06.16"]
[Round "3"]
[White "Meszaros, Casey Ryan"]
[Black "Ballo, Filip"]
[Result "1-0"]
[WhiteElo "1867"]
[BlackElo "1616"]
[PlyCount "83"]
[EventDate "2023.06.15"]
[EventType "swiss"]
[EventRounds "8"]
[EventCountry "SVK"]
[SourceTitle "CBM 214 Extra"]
[Source "ChessBase"]
[SourceDate "2023.07.31"]
[SourceVersion "1"]
[SourceVersionDate "2023.07.31"]
[SourceQuality "1"]

1. e4 c5 2. a3 e6 3. b4 d5 4. exd5 exd5 5. bxc5 Bxc5 6. d4 Bd6 7. Nf3 Nc6 8. Bd3 Bg4 9. c3 Nge7 10. 0-0 0-0 11. Bxh7+ Kh8 12. Bc2 Rc8 13. h3 Bh5 14. Qd3 Bg6 15. Qd1 Bxc2 16. Qxc2 Ng6 17. Ng5 Nxd4 18. Qd3 Nb3 19. Qd1 Qxg5 20. Bxg5 Nxa1 21. Qxd5 Rc5 22. Qxd6 Rxg5 23. f4 Rf5 24. Nd2 Nc2 25. Qd3 Rxf4 26. Rxf4 Nxf4 27. Qxc2 g5 28. Ne4 f6 29. Qd1 Kg7 30. Ng3 f5 31. Nh5+ Kg6 32. Nxf4+ gxf4 33. Qd6+ Rf6 34. Qxf4 Rc6 35. c4 Ra6 36. Qf3 Rc6 37. g4 Rf6 38. gxf5+ Rxf5 39. Qxb7 Kg5 40. c5 Kh4 41. Qh7+ Rh5 42. Qxh5+ 1-0

[Event "SVK-ch Amateurs"]
[Site "Liptovsky Jan"]
[Date "2023.06.15"]
[Round "2"]
[White "Ballo, Filip"]
[Black "Veres, Alex"]
[Result "1-0"]
[WhiteElo "1616"]
[BlackElo "1292"]
[PlyCount "54"]
[EventDate "2023.06.15"]
[EventType "swiss"]
[EventRounds "8"]
[EventCountry "SVK"]
[SourceTitle "CBM 214 Extra"]
[Source "ChessBase"]
[SourceDate "2023.07.31"]
[SourceVersion "1"]
[SourceVersionDate "2023.07.31"]
[SourceQuality "1"]

1. d4 e6 2. Bf4 Nf6 3. e3 c5 4. Nf3 Nc6 5. c3 b6 6. Nbd2 Bb7 7. Bd3 Be7 8. 0-0 Nh5 9. Bg3 Nxg3 10. fxg3 0-0 11. e4 cxd4 12. cxd4 h6 13. Rc1 Nb4 14. Bb1 Ba6 15. Rf2 Nd3 16. Bxd3 Bxd3 17. Ne5 Ba6 18. Qa4 Bc8 19. Ndf3 d6 20. Nc6 Qd7 21. Nxe7+ Qxe7 22. Rfc2 Bd7 23. Qa6 Qf6 24. Rc7 d5 25. Rxd7 dxe4 26. Ne5 e3 27. Rf1 Qg5 1-0

[Event "SVK-chT2C 2223"]
[Site "Slovakia"]
[Date "2023.03.25"]
[Round "10.8"]
[White "Ballo, Filip"]
[Black "Piovar, Jaroslav"]
[Result "1/2-1/2"]
[WhiteElo "1560"]
[BlackElo "1642"]
[PlyCount "54"]
[EventDate "2022.10.08"]
[EventType "team-tourn"]
[EventRounds "11"]
[EventCountry "SVK"]
[SourceTitle "EXT 2024"]
[Source "ChessBase"]
[SourceDate "2023.10.10"]
[SourceVersion "1"]
[SourceVersionDate "2023.10.10"]
[SourceQuality "1"]
[WhiteTeam "Filakovo"]
[BlackTeam "Zilina Mladost III"]
[WhiteTeamCountry "SVK"]
[BlackTeamCountry "SVK"]

1. d4 d5 2. Bf4 e6 3. c4 c5 4. dxc5 Bxc5 5. cxd5 exd5 6. e3 Nf6 7. Nf3 Nc6 8. a3 a6 9. Nc3 Bf5 10. Bd3 Bxd3 11. Qxd3 d4 12. Ne4 Nxe4 13. Qxe4+ Qe7 14. Qxe7+ Kxe7 15. Rc1 Bb6 16. 0-0 dxe3 17. Bxe3 Bxe3 18. Rfe1 f6 19. Rxe3+ Kf7 20. Rb3 Rab8 21. Rd1 Rhd8 22. Rxd8 Nxd8 23. Nd4 Rc8 24. Kf1 Rc7 25. Rb6 g6 26. Ke2 Re7+ 27. Kd3 Rc7 1/2-1/2